Statistics for Spot The Four Letter Hidden Word

Click here to take the quiz!

General Stats

  • This quiz has been taken 52 times
    (51 since last reset)
  • The average score is 10 of 15

Answer Stats

HintAnswer% Correct
The children had bats and balls.Sand
100%
They were all caught in a rainstorm.Real
90%
He hoped that something would turn up.Hats
77%
Luckily their delays were not too lengthy.Tool
72%
That question cannot be answered.Bean
69%
The letters often arrived late.Soft
69%
The youngest toddler cried for his mother.They
62%
I love the book in that series.Hats
59%
"This entails alot of work", moaned the pupil.Sent
59%
I want to run in the race for the charity.Fort
56%
Mrs Brown had four operations on her knee.Rope
54%
He keeps the stamps from envelopes.Omen
51%
Mistakes can be easily made.Scan
46%
She grew inky-blue flowers in the gardenWink
46%
It's your turn after mine.Term
44%

Score Distribution

Percentile by Number Answered

Percent of People with Each Score

Your Score History

You have not taken this quiz since the last reset